Euroopan pääkaupunkikuvat – Sudden Death - Statistics

Yleistilastot
  • Tätä visaa on pelattu 37 kertaa
  • Keskiarvotulos 13 / 20
Answers on the Grid
Answers color-coded by a green-red scale on the quiz's grid according to % correct below.
 
Vastaustilastot
Vastaus % Oikein
Paris
93%
Amsterdam
89%
Rome
89%
Prague
85%
Helsinki
81%
Berlin
78%
Tallinn
74%
Copenhague
74%
Madrid
70%
Riga
67%
Lisbonne
67%
Stockholm
67%
Bratislava
67%
Bern
59%
Vienne
59%
Dublin
48%
Monaco
48%
Bruxelles
44%
Vaduz
41%
Oslo
30%
Ehtoja vastaavia visoja ei löytynyt
Tulosjakauma
Jokaisen tuloksen saaneiden osuus
Persentiili vastausten määrän mukaan
Tuloshistoriasi
Et ole pelannut tätä visaa